Copa Libertadores Winners: Starting XI (1960–2025) - Estadísticas

Estadísticas generales
  • Esta prueba ha sido intentada 248 veces
  • La puntuación promedio es 226 de 726
Estadísticas de respuestas
Campeones Copa Libertadores 1960-2025 Planteles campeones % Correcto
2001 Boca Juniors Juan Riquelme
85%
2000 Boca Juniors | 2007 Boca Juniors Juan Román Riquelme
85%
2000 Boca Juniors | 2007 Boca Juniors Martín Palermo
85%
1972 Independiente | 1973 Independiente | 1974 Independiente | +2 others Francisco Sá
81%
2002 Olimpia Gastón Córdoba
78%
2000 Boca Juniors | 2001 Boca Juniors Óscar Córdoba
78%
2016 Atlético Nacional | 2018 River Plate Franco Armani
74%
2011 Santos Neymar
74%
2019 Flamengo | 2022 Flamengo Filipe Luís
70%
1962 Santos | 1963 Santos Pelé
70%
2013 Atlético Mineiro Ronaldinho
70%
2003 Boca Juniors Carlos Tevez
67%
2007 Boca Juniors Claudio Morel Rodriguez
67%
2001 Boca Juniors | 2003 Boca Juniors | 2007 Boca Juniors Clemente Rodríguez
67%
1964 Independiente Mario Rodríguez
67%
1967 Racing Club Oscar Martín
67%
1980 Nacional Rodolfo Rodríguez
67%
1981 Flamengo Zico
67%
2019 Flamengo | 2022 Flamengo Gabriel Barbosa
63%
2018 River Plate Gonzalo Martínez
63%
1991 Colo-Colo Rubén Martínez
63%
1960 Peñarol | 1961 Peñarol William Martínez
63%
1987 Peñarol Eduardo da Silva
59%
2002 Olimpia Henrique da Silva
59%
1996 River Plate Hernán Crespo
59%
1968 Estudiantes | 1969 Estudiantes | 1970 Estudiantes Juan Ramón Verón
59%
2009 Estudiantes Juan Sebastián Verón
59%
2013 Atlético Mineiro Leonardo Silva
59%
2007 Boca Juniors Cata Díaz
56%
2022 Flamengo David Luiz
56%
2009 Estudiantes | 2018 River Plate Enzo Pérez
56%
2016 Atlético Nacional Farid Díaz
56%
2009 Estudiantes Gastón Fernández
56%
1982 Peñarol Gustavo Fernández
56%
1996 River Plate Hernán Díaz
56%
2018 River Plate Ignacio Fernández
56%
2013 Atlético Mineiro
56%
1975 Independiente José Alberto Pérez
56%
2023 Fluminense Marcelo
56%
1966 Peñarol Nelson Díaz
56%
1990 Olimpia Remigio Fernández
56%
2007 Boca Juniors Rodrigo Palacio
56%
1967 Racing Club Rubén Díaz
56%
2000 Boca Juniors | 2003 Boca Juniors Sebastián Battaglia
56%
1960 Peñarol | 1961 Peñarol | 1966 Peñarol Alberto Spencer
52%
2010 Internacional Andrés D'Alessandro
52%
1992 São Paulo | 1993 São Paulo Cafu
52%
2005 São Paulo | 2011 Santos | 2012 Corinthians | +3 others Danilo
52%
2018 River Plate Lucas Pratto
52%
1964 Independiente Luis Suárez
52%
1968 Estudiantes | 1969 Estudiantes Ramón Aguirre Suárez
52%
1974 Independiente | 1975 Independiente | 1984 Independiente Ricardo Bochini
52%
2003 Boca Juniors Roberto Abbondanzieri
52%
2005 São Paulo Rogério Ceni
52%
1976 Cruzeiro | 1992 São Paulo Ronaldo
52%
1990 Olimpia Silvio Suárez
52%
2025 Flamengo Agustín Rossi
48%
2015 River Plate Carlos Sánchez
48%
2016 Atlético Nacional Davinson Sánchez
48%
1997 Cruzeiro Dida
48%
2011 Santos | 2023 Fluminense Ganso
48%
1989 Atlético Nacional Gildardo Gómez
48%
2019 Flamengo | 2022 Flamengo | 2025 Flamengo Giorgian de Arrascaeta
48%
2018 River Plate Gonzalo Montiel
48%
2020 Palmeiras | 2021 Palmeiras Gustavo Gómez
48%
2000 Boca Juniors | 2001 Boca Juniors Jorge Bermúdez
48%
1998 Vasco da Gama Juninho Pernambucano
48%
1989 Atlético Nacional Leonel Álvarez
48%
1994 Vélez Sársfield Marcelo Gómez
48%
1973 Independiente | 1974 Independiente | 1975 Independiente Miguel Ángel López
48%
2019 Flamengo Pablo Marí
48%
1989 Atlético Nacional René Higuita
48%
1999 Palmeiras Roque Junior
48%
1960 Peñarol Santiago Pino
48%
1989 Atlético Nacional Alexis García
44%
1996 River Plate Celso Ayala
44%
1994 Vélez Sársfield Chilavert
44%
2004 Once Caldas Dayro Moreno
44%
1961 Peñarol Edgardo González
44%
2014 San Lorenzo Emmanuel Más
44%
1996 River Plate Enzo Francescoli
44%
2023 Fluminense Germán Cano
44%
2009 Estudiantes Germán Ré
44%
2019 Flamengo Gerson
44%
2000 Boca Juniors Guillermo Barros Schelotto
44%
2000 Boca Juniors | 2001 Boca Juniors | 2003 Boca Juniors | 2007 Boca Juniors Hugo Ibarra
44%
1991 Colo-Colo Jaime Pizarro
44%
2004 Once Caldas John García
44%
2018 River Plate Jonatan Maidana
44%
2015 River Plate Jonathan Maidana
44%
2022 Flamengo | 2025 Flamengo Léo Pereira
44%
1960 Peñarol | 1961 Peñarol Luis Maidana
44%
2016 Atlético Nacional Marlos Moreno
44%
2009 Estudiantes Mauro Boselli
44%
2018 River Plate Milton Casco
44%
2007 Boca Juniors Neri Cardozo
44%
2014 San Lorenzo Néstor Ortigoza
44%
1961 Peñarol Núber Cano
44%
1986 River Plate Oscar Ruggeri
44%
1994 Vélez Sársfield Raúl Cardozo
44%
1975 Independiente Ricardo Ruiz Moreno
44%
2003 Boca Juniors | 2009 Estudiantes Rolando Schiavi
44%
1979 Olimpia Rubén Giménez
44%
2023 Fluminense Samuel Xavier
44%
2000 Boca Juniors Walter Samuel
44%
1980 Nacional Washington González
44%
1992 São Paulo Antônio Carlos
41%
2017 Grêmio Arthur
41%
2019 Flamengo | 2025 Flamengo Bruno Henrique
41%
2012 Corinthians Cássio
41%
1987 Peñarol Eduardo Pereira
41%
2012 Corinthians Emerson
41%
2018 River Plate Exequiel Palacios
41%
2023 Fluminense Felipe Melo
41%
1977 Boca Juniors | 1978 Boca Juniors Hugo Gatti
41%
2018 River Plate Javier Pinola
41%
2012 Corinthians Jorge Henrique
41%
2014 San Lorenzo Julio Buffarini
41%
1981 Flamengo | 1999 Palmeiras | 2005 São Paulo Júnior
41%
2015 River Plate | 2018 River Plate Leonardo Ponzio
41%
1979 Olimpia Luis Torres
41%
2024 Botafogo Luiz Henrique
41%
2016 Atlético Nacional Macnelly Torres
41%
2001 Boca Juniors Mauricio Serna
41%
2022 Flamengo Pedro
41%
1984 Independiente Sergio Buffarini
41%
2020 Palmeiras | 2021 Palmeiras Weverton
41%
1976 Cruzeiro Zé Carlos
41%
1995 Grêmio Adílson Batista
37%
2011 Santos Adriano
37%
1999 Palmeiras | 2005 São Paulo | 2006 Internacional | 2012 Corinthians Alex
37%
2025 Flamengo Alex Sandro
37%
1989 Atlético Nacional Andrés Escobar
37%
2008 LDU Quito Claudio Bieler
37%
1987 Peñarol Diego Aguirre
37%
1997 Cruzeiro Donizete Oliveira
37%
2025 Flamengo Erick Pulgar
37%
2007 Boca Juniors Éver Banega
37%
2012 Corinthians Fábio Santos
37%
2023 Fluminense Jhon Arias
37%
2008 LDU Quito Joffre Guerrón
37%
1994 Vélez Sársfield | 2000 Boca Juniors José Basualdo
37%
2008 LDU Quito José Francisco Cevallos
37%
1987 Peñarol José Herrera
37%
2002 Olimpia Julio Cáceres
37%
2017 Grêmio | 2020 Palmeiras | 2021 Palmeiras Luan
37%
2020 Palmeiras Luiz Adriano
37%
2015 River Plate Marcelo Barovero
37%
2001 Boca Juniors | 2003 Boca Juniors Marcelo Delgado
37%
1993 São Paulo Marcos Adriano
37%
2009 Estudiantes Mariano Andújar
37%
2020 Palmeiras Matías Viña
37%
2007 Boca Juniors Mauricio Caranta
37%
2016 Atlético Nacional Miguel Borja
37%
1981 Flamengo Nunes
37%
2012 Corinthians Paulinho
37%
1995 Grêmio | 1999 Palmeiras Paulo Nunes
37%
1983 Grêmio Paulo Roberto
37%
2006 Internacional | 2010 Internacional Rafael Sóbis
37%
2022 Flamengo Santos
37%
1985 Argentinos Juniors Sergio Batista
37%
2024 Botafogo Thiago Almada
37%
2013 Atlético Mineiro Victor
37%
2024 Botafogo Alexander Barboza
33%
2013 Atlético Mineiro Bernard
33%
2015 River Plate Camilo Mayada
33%
1984 Independiente Carlos Enrique
33%
2005 São Paulo Cicinho
33%
1991 Colo-Colo Daniel Morón
33%
1968 Estudiantes | 1969 Estudiantes Eduardo Flores
33%
2011 Santos Elano
33%
1961 Peñarol Ernesto Ledesma
33%
2019 Flamengo | 2022 Flamengo Éverton Ribeiro
33%
2015 River Plate Fernando Cavenaghi
33%
1982 Peñarol Fernando Morena
33%
1991 Colo-Colo Gabriel Mendoza
33%
1996 River Plate Germán Burgos
33%
1986 River Plate Héctor Enrique
33%
1977 Boca Juniors | 1978 Boca Juniors Jorge Benítez
33%
1984 Independiente Jorge Burruchaga
33%
2025 Flamengo Jorginho
33%
1994 Vélez Sársfield José Oscar Flores
33%
1982 Peñarol Juan V. Morales
33%
1990 Olimpia Juan Z. Ramírez
33%
1980 Nacional Julio César Morales
33%
1971 Nacional Julio C. Morales
33%
2009 Estudiantes Leandro Benítez
33%
2014 San Lorenzo Leandro Romagnoli
33%
2015 River Plate Leonel Vangioni
33%
1991 Colo-Colo Lizardo Garrido
33%
2015 River Plate Lucas Alario
33%
1960 Peñarol | 1961 Peñarol | 1971 Nacional Luis Cubilla
33%
1999 Palmeiras Marcos
33%
1990 Olimpia Mario C. Ramírez
33%
1973 Independiente Mario Mendoza
33%
1996 River Plate Matías Almeyda
33%
2002 Olimpia Miguel Benítez
33%
1991 Colo-Colo Miguel Ramírez
33%
2003 Boca Juniors Nicolás Burdisso
33%
1986 River Plate Norberto Alonso
33%
2007 Boca Juniors Pablo Ledesma
33%
1992 São Paulo | 1993 São Paulo Raí
33%
2020 Palmeiras | 2021 Palmeiras Raphael Veiga
33%
2003 Boca Juniors Raúl Cascini
33%
1997 Cruzeiro Ricardinho
33%
1979 Olimpia Roberto Paredes
33%
2000 Boca Juniors Rodolfo Arruabarrena
33%
2010 Internacional Sandro
33%
2014 San Lorenzo Sebastián Torrico
33%
1982 Peñarol Walter Olivera
33%
1990 Olimpia Adolfo Jara
30%
1977 Boca Juniors Alberto Tarantini
30%
2016 Atlético Nacional Alejandro Guerra
30%
2016 Atlético Nacional Alexander Mejía
30%
2001 Boca Juniors Aníbal Matellán
30%
1996 River Plate Ariel Ortega
30%
1968 Estudiantes | 1969 Estudiantes | 1970 Estudiantes Carlos Bilardo
30%
1985 Argentinos Juniors Carmelo Villalba
30%
1985 Argentinos Juniors Claudio Borghi
30%
2008 LDU Quito Damián Manso
30%
1987 Peñarol Daniel Vidal
30%
2003 Boca Juniors Diego Cagna
30%
2005 São Paulo Diego Lugano
30%
1979 Olimpia Enrique Villalba
30%
2023 Fluminense Fábio
30%
1995 Grêmio | 1999 Palmeiras Francisco Arce
30%
2025 Flamengo Guillermo Varela
30%
2014 San Lorenzo Héctor Villalba
30%
2024 Botafogo Igor Jesus
30%
2008 LDU Quito Jairo Campos
30%
2001 Boca Juniors | 2003 Boca Juniors Javier Villarreal
30%
2021 Palmeiras Joaquín Piquerez
30%
1970 Estudiantes Jorge Solari
30%
1964 Independiente Juan Carlos Guzmán
30%
1971 Nacional | 1980 Nacional Juan C. Blanco
30%
1988 Nacional Juan C. de Lima
30%
1965 Independiente Juan C. Guzmán
30%
1971 Nacional Julio Montero Castillo
30%
2010 Internacional Kléber
30%
2009 Estudiantes Leandro Desábato
30%
2011 Santos Léo
30%
1962 Santos | 1963 Santos Lima
30%
2017 Grêmio Lucas Barrios
30%
1991 Colo-Colo Marcelo Barticciotto
30%
1997 Cruzeiro Marcelo Ramos
30%
1995 Grêmio Mario Jardel
30%
2014 San Lorenzo Martín Cauteruccio
30%
2014 San Lorenzo Mauro Matos
30%
2004 Once Caldas Miguel Rojas
30%
1981 Flamengo Nei Dias
30%
1982 Peñarol | 1986 River Plate Nelson Gutiérrez
30%
2008 LDU Quito Norberto Araujo
30%
1994 Vélez Sársfield Omar Asad
30%
1966 Peñarol Pablo Forlán
30%
2008 LDU Quito Paúl Ambrosi
30%
2015 River Plate Ramiro Funes Mori
30%
2001 Boca Juniors Walter Gaitán
30%
1988 Nacional William Castro
30%
2016 Atlético Nacional Alexis Henríquez
26%
1967 Racing Club Alfio Basile
26%
1987 Peñarol Alfonso Domínguez
26%
1981 Flamengo Andrade
26%
2023 Fluminense André
26%
1986 River Plate Antonio Alzamendi
26%
2017 Grêmio Bruno Cortez
26%
1983 Grêmio Caio
26%
1960 Peñarol Carlos Borges
26%
1995 Grêmio Carlos Miguel
26%
1983 Grêmio Casemiro
26%
1984 Independiente Claudio Marangoni
26%
2000 Boca Juniors | 2001 Boca Juniors Cristian Traverso
26%
2016 Atlético Nacional Daniel Bocanegra
26%
2019 Flamengo Diego Alves
26%
1993 São Paulo | 1995 Grêmio Dinho
26%
2021 Palmeiras Dudu
26%
2008 LDU Quito Enrique Vera
26%
1982 Peñarol | 1988 Nacional Ernesto Vargas
26%
1997 Cruzeiro Fabinho
26%
1998 Vasco da Gama Felipe
26%
2017 Grêmio Fernandinho
26%
1962 Santos | 1963 Santos | 1993 São Paulo Gilmar
26%
1991 Colo-Colo Javier Margas
26%
2024 Botafogo Jefferson Savarino
26%
1967 Racing Club João Cardoso
26%
2022 Flamengo João Gomes
26%
2025 Flamengo Jorge Carrascal
26%
1967 Racing Club Juan Carlos Cárdenas
26%
1986 River Plate Juan Gilberto Funes
26%
2004 Once Caldas Juan Henao
26%
2013 Atlético Mineiro Júnior César
26%
1966 Peñarol Ladislao Mazurkiewicz
26%
1981 Flamengo Leandro
26%
2008 LDU Quito Luis Bolaños
26%
1998 Vasco da Gama | 2005 São Paulo Luizão
26%
2017 Grêmio Marcelo Grohe
26%
2014 San Lorenzo Mauro Cetto
26%
1986 River Plate Nery Pumpido
26%
2016 Atlético Nacional Orlando Berrío
26%
1968 Estudiantes | 1969 Estudiantes Oscar Malbernat
26%
2010 Internacional Pablo Guiñazú
26%
2008 LDU Quito Patricio Urrutia
26%
1962 Santos | 1963 Santos Pepe
26%
2011 Santos Rafael
26%
2019 Flamengo Rafinha
26%
2008 LDU Quito Renán Calle
26%
1964 Independiente | 1965 Independiente Roberto Ferreiro
26%
1977 Boca Juniors | 1978 Boca Juniors Roberto Mouzo
26%
1967 Racing Club Roberto Perfumo
26%
1994 Vélez Sársfield Roberto Trotta
26%
2019 Flamengo Rodrigo Caio
26%
2020 Palmeiras | 2021 Palmeiras Rony
26%
1991 Colo-Colo Rubén Espinoza
26%
1977 Boca Juniors | 1978 Boca Juniors Rubén Suñé
26%
2025 Flamengo Samuel Lino
26%
2010 Internacional Taison
26%
2006 Internacional | 2010 Internacional Tinga
26%
1982 Peñarol Venancio Ramos
26%
1993 São Paulo Vitor
26%
1997 Cruzeiro Vítor
26%
2011 Santos Zé Eduardo
26%
2020 Palmeiras | 2021 Palmeiras Zé Rafael
26%
1981 Flamengo Adílio
22%
1992 São Paulo Adílson
22%
1985 Argentinos Juniors Adrián Domenech
22%
2024 Botafogo Alex Telles
22%
1986 River Plate Américo Gallego
22%
1995 Grêmio Arílson
22%
1998 Vasco da Gama Carlos Germano
22%
1978 Boca Juniors Carlos H. Salinas
22%
1981 Flamengo Carlos Mozer
22%
1977 Boca Juniors Carlos Veglio
22%
1995 Grêmio Catalino Rivarola
22%
1994 Vélez Sársfield Christian Bassedas
22%
2009 Estudiantes Christian Cellay
22%
1962 Santos | 1963 Santos Coutinho
22%
1973 Independiente | 1974 Independiente | 1975 Independiente Daniel Bertoni
22%
1995 Grêmio Danrlei
22%
2011 Santos Durval
22%
1976 Cruzeiro Eduardo
22%
1991 Colo-Colo Eduardo Vilches
22%
1992 São Paulo | 1997 Cruzeiro Elivélton
22%
2004 Once Caldas Elkin Soto
22%
1984 Independiente Enzo Trossero
22%
1977 Boca Juniors | 1978 Boca Juniors Ernesto Mastrángelo
22%
1979 Olimpia Evaristo Isasi
22%
1979 Olimpia | 1990 Olimpia Ever Almeida
22%
2006 Internacional Fernandão
22%
1994 Vélez Sársfield Flavio Zandoná
22%
1996 River Plate Gabriel Cedrés
22%
1997 Cruzeiro Gélson Baresi
22%
1996 River Plate Guillermo Rivarola
22%
2021 Palmeiras Gustavo Scarpa
22%
1994 Vélez Sársfield Héctor Almandoz
22%
1980 Nacional | 1983 Grêmio | 1988 Nacional Hugo De León
22%
1978 Boca Juniors Hugo Perotti
22%
2006 Internacional | 2010 Internacional Índio
22%
1992 São Paulo Iván Rocha
22%
1982 Peñarol Jair Gonçalves
22%
2004 Once Caldas Jhon Viáfara
22%
2024 Botafogo John
22%
1989 Atlético Nacional John Jairo Carmona
22%
1987 Peñarol Jorge Cabrera
22%
1988 Nacional Jorge Seré
22%
1980 Nacional José H. Moreira
22%
1985 Argentinos Juniors José Luis Pavoni
22%
1977 Boca Juniors José Luis Tesare
22%
1972 Independiente José Pastoriza
22%
2005 São Paulo | 2013 Atlético Mineiro Josué
22%
1991 Colo-Colo Juan Carlos Peralta
22%
2014 San Lorenzo Juan Mercier
22%
1966 Peñarol Julio César Cortés
22%
2023 Fluminense Keno
22%
1971 Nacional Luis Artime
22%
1995 Grêmio Luís Carlos Goiano
22%
1998 Vasco da Gama Luisinho
22%
1990 Olimpia Luis Monzón
22%
2020 Palmeiras Marcos Rocha
22%
1981 Flamengo Marinho
22%
1977 Boca Juniors | 1978 Boca Juniors Mario Zanabria
22%
2023 Fluminense Matheus Martinelli
22%
2015 River Plate Matías Kranevitter
22%
1994 Vélez Sársfield Mauricio Pellegrino
22%
1998 Vasco da Gama Mauro Galvão
22%
1967 Racing Club Miguel A. Mori
22%
1972 Independiente | 1973 Independiente Miguel Ángel Santoro
22%
1978 Boca Juniors Miguel Bordón
22%
1964 Independiente | 1965 Independiente Miguel Santoro
22%
2005 São Paulo Mineiro
22%
1992 São Paulo Müller
22%
1993 São Paulo Muller
22%
1984 Independiente Néstor Clausen
22%
1960 Peñarol | 1966 Peñarol Néstor Gonçalves
22%
2002 Olimpia Néstor Isasi
22%
1969 Estudiantes | 1970 Estudiantes Néstor Togneri
22%
1997 Cruzeiro Nonato
22%
1998 Vasco da Gama Odvan
22%
1976 Cruzeiro | 1992 São Paulo | 1993 São Paulo | 1997 Cruzeiro Palhinha
22%
1998 Vasco da Gama Pedrinho
22%
2017 Grêmio Pedro Geromel
22%
1966 Peñarol Pedro Rocha
22%
2012 Corinthians Ralf
22%
1983 Grêmio Renato Portaluppi
22%
2013 Atlético Mineiro Réver
22%
1984 Independiente Ricardo Giusti
22%
1972 Independiente | 1973 Independiente | 1974 Independiente | 1975 Independiente Ricardo Pavoni
22%
2002 Olimpia Ricardo Tavarelli
22%
1961 Peñarol Roberto Matosas
22%
2009 Estudiantes Rodrigo Braña
22%
1995 Grêmio Roger Machado Marques
22%
1986 River Plate Roque Alfaro
22%
1973 Independiente | 1974 Independiente | 1975 Independiente Rubén Galván
22%
1965 Independiente Rubén Navarro
22%
1970 Estudiantes Rubén Pagnanini
22%
2004 Once Caldas Rubén Velásquez
22%
2014 San Lorenzo Santiago Gentiletti
22%
1977 Boca Juniors | 1978 Boca Juniors Vicente Pernía
22%
1971 Nacional | 1980 Nacional Víctor Espárrago
22%
1980 Nacional Waldemar Victorino
22%
1960 Peñarol | 1961 Peñarol Walter Aguerre
22%
2019 Flamengo Willian Arão
22%
1997 Cruzeiro Wilson Gottardo
22%
1992 São Paulo | 1993 São Paulo Zetti
22%
1990 Olimpia Adriano Samaniego
19%
2024 Botafogo Adryelson
19%
1967 Racing Club Agustín Cejas
19%
1968 Estudiantes | 1969 Estudiantes Alberto José Poletti
19%
1984 Independiente Alejandro Barberón
19%
1986 River Plate Alejandro Montenegro
19%
1972 Independiente | 1973 Independiente | 1974 Independiente | 1975 Independiente Alejandro Semenewicz
19%
2012 Corinthians Alessandro
19%
2005 São Paulo Amoroso
19%
2004 Once Caldas Arnulfo Valentierra
19%
2011 Santos Arouca
19%
1980 Nacional Arsenio Luzardo
19%
1971 Nacional Atilio Ancheta
19%
2006 Internacional | 2010 Internacional Bolívar
19%
1962 Santos | 1963 Santos Calvet
19%
1960 Peñarol Carlos Abel Linazza
19%
1974 Independiente Carlos Gay
19%
1984 Independiente Carlos Goyén
19%
1979 Olimpia Carlos Kiese
19%
1968 Estudiantes | 1969 Estudiantes | 1970 Estudiantes Carlos Pachamé
19%
1999 Palmeiras César Sampaio
19%
2012 Corinthians Chicão
19%
1983 Grêmio China
19%
1969 Estudiantes Christian Rudzki
19%
2006 Internacional Clemer
19%
1962 Santos | 1963 Santos Dalmo
19%
1977 Boca Juniors Darío Felman
19%
1964 Independiente | 1965 Independiente David Acevedo
19%
2013 Atlético Mineiro Diego Tardelli
19%
1998 Vasco da Gama Donizete
19%
1962 Santos | 1963 Santos Dorval
19%
2017 Grêmio Edílson
19%
2006 Internacional Edinho
19%
1980 Nacional Eduardo de la Peña
19%
1972 Independiente | 1973 Independiente Eduardo Maglioni
19%
2011 Santos Edu Dracena
19%
1985 Argentinos Juniors Enrique Vidallé
19%
2006 Internacional Fabiano Eller
19%
1988 Nacional Felipe Reveléz
19%
1968 Estudiantes Felipe Ribaudo
19%
1963 Santos Geraldino
19%
2024 Botafogo Gregore
19%
2004 Once Caldas Herly Alcázar
19%
1968 Estudiantes Hugo Medina
19%
1972 Independiente Hugo Saggioratto
19%
1970 Estudiantes Hugo Spadaro
19%
1979 Olimpia Hugo Talavera
19%
1984 Independiente Hugo Villaverde
19%
1967 Racing Club Humberto Maschio
19%
2017 Grêmio Jailson
19%
1989 Atlético Nacional Jaime Arango
19%
1976 Cruzeiro Joãozinho
19%
1989 Atlético Nacional John Jairo Tréllez
19%
1986 River Plate Jorge Gordillo
19%
1990 Olimpia Jorge Guasch
19%
1985 Argentinos Juniors Jorge Olguín
19%
1985 Argentinos Juniors Jorge Pellegrini
19%
1970 Estudiantes José Medina
19%
1987 Peñarol José Perdomo
19%
1988 Nacional José Pintos Saldanha
19%
1961 Peñarol José Sasía
19%
1967 Racing Club Juan Carlos Rulli
19%
1970 Estudiantes Juan Echecopar
19%
1961 Peñarol | 1966 Peñarol Juan Joya
19%
1966 Peñarol Juan Lezcano
19%
1971 Nacional Juan Masnik
19%
1966 Peñarol Julio Abbadie
19%
2002 Olimpia Julio Enciso
19%
1999 Palmeiras Junior Baiano
19%
1989 Atlético Nacional Luis Perea
19%
1964 Independiente Luis Prospitti
19%
1971 Nacional Luis Ubiña
19%
1971 Nacional Manga
19%
1996 River Plate Marcelo Escudero
19%
1987 Peñarol Marcelo Rotti
19%
1968 Estudiantes | 1969 Estudiantes | 1970 Estudiantes Marcos Conigliaro
19%
1982 Peñarol Mario Saralegui
19%
1962 Santos | 1963 Santos Mauro
19%
2021 Palmeiras Mayke
19%
1962 Santos Mengálvio
19%
2013 Atlético Mineiro Michel Macedo
19%
1979 Olimpia Miguel A. Piazza
19%
1982 Peñarol Miguel Bossio
19%
1998 Vasco da Gama Nasa
19%
2010 Internacional Nei
19%
2002 Olimpia Nelson Zelaya
19%
1970 Estudiantes Néstor Errea
19%
2015 River Plate Nicolás Bertolo
19%
2023 Fluminense Nino
19%
1967 Racing Club Norberto Raffo
19%
1987 Peñarol Obdulio Trasante
19%
1999 Palmeiras Oséas
19%
1983 Grêmio Osvaldo
19%
1979 Olimpia Osvaldo Aquino
19%
1965 Independiente Osvaldo Mura
19%
1976 Cruzeiro Piazza
19%
1992 São Paulo | 1993 São Paulo Pintado
19%
2017 Grêmio Ramiro
19%
1976 Cruzeiro | 1981 Flamengo Raul
19%
1990 Olimpia Raúl Amarilla
19%
1964 Independiente | 1965 Independiente Raúl Bernao
19%
1965 Independiente Raúl Decaria
19%
1969 Estudiantes Raúl Horacio Madero
19%
1968 Estudiantes Raúl Madero
19%
1964 Independiente | 1965 Independiente Raúl Savoy
19%
2010 Internacional Renan
19%
1985 Argentinos Juniors Renato Corsi
19%
1996 River Plate Ricardo Altamirano
19%
1987 Peñarol Ricardo Viera
19%
2002 Olimpia Richard Báez
19%
1999 Palmeiras Rogério
19%
1965 Independiente Roque Avallay
19%
1960 Peñarol Salvador
19%
1988 Nacional Santiago Ostolaza
19%
2002 Olimpia Sergio Órteman
19%
1983 Grêmio Tarciso
19%
2022 Flamengo Thiago Maia
19%
1981 Flamengo | 1983 Grêmio Tita
19%
1998 Vasco da Gama Vágner
19%
1993 São Paulo Válber
19%
1976 Cruzeiro Vanderlei
19%
1965 Independiente Vicente de la Mata Jr.
19%
1982 Peñarol Víctor Diogo
19%
2024 Botafogo Vitinho
19%
1988 Nacional Yubert Lemos
19%
1999 Palmeiras Zinho
19%
1962 Santos | 1963 Santos Zito
19%
1972 Independiente | 1974 Independiente | 1975 Independiente Agustín Balbuena
15%
1989 Atlético Nacional Albeiro Usuriaga
15%
1980 Nacional Alberto Bica
15%
1979 Olimpia Alicio Solalinde
15%
2017 Grêmio Bressan
15%
1988 Nacional Carlos Soca
15%
2006 Internacional Ceará
15%
1976 Cruzeiro Darci Menezes
15%
2004 Once Caldas Édgar Cataño
15%
1972 Independiente | 1973 Independiente | 1974 Independiente | 1975 Independiente Eduardo Commisso
15%
1985 Argentinos Juniors Emilio Commisso
15%
2005 São Paulo Fabão
15%
1990 Olimpia Fermín Balbuena
15%
2020 Palmeiras Gabriel Menino
15%
1971 Nacional Ildo Maneiro
15%
1988 Nacional Jorge Cardaccio
15%
1964 Independiente Jorge Maldonado
15%
2006 Internacional Jorge Wagner
15%
1960 Peñarol José Mario Griecco
15%
2012 Corinthians Leandro Castán
15%
1989 Atlético Nacional Luis Fajardo
15%
1972 Independiente Luis Garisto
15%
1985 Argentinos Juniors Mario Videla
15%
2024 Botafogo Marlon Freitas
15%
1983 Grêmio Mazarópi
15%
1972 Independiente | 1973 Independiente | 1974 Independiente Miguel Raimondo
15%
1976 Cruzeiro Morais
15%
1976 Cruzeiro Nelinho
15%
1966 Peñarol Omar Caetano
15%
2013 Atlético Mineiro Pierre
15%
2022 Flamengo Rodinei
15%
2004 Once Caldas Samuel Vanegas
15%
1964 Independiente Tomás Rolán
15%
2002 Olimpia Victor Quintana
15%
1983 Grêmio Jorge Baidek
11%
No se encontraron pruebas coincidentes
Distribución de puntuación
Porcentaje de gente con cada puntuación
Porcentaje por número respondido
Historial de tus puntuaciones
No has intentado esta prueba.